Movies Quiz

Random Movies or City Quiz

US cities in the movies Quiz Stats

 Plays Quiz not verified by Sporcle

Score 0/25 Timer 06:00
0 Plays Today
% Correct
Chicago, Illinois
87.8%
Los Angeles, California
74.3%
Detroit, Michigan
71.6%
New York, New York
68.9%
San Francisco, California
67.6%
Cleveland, Ohio
66.2%
Boston, Massachusetts
64.9%
Washington, D.C.
62.2%
New Orleans, Louisiana
59.5%
Philadelphia, Pennsylvania
58.1%
Savannah, Georgia
52.7%
Memphis, Tennessee
45.9%
Atlanta, Georgia
41.9%
% Correct
Austin, Texas
37.8%
Buffalo, New York
36.5%
Seattle, Washington
32.4%
Pittsburgh, Pennsylvania
25.7%
Baltimore, Maryland
24.3%
Houston, Texas
20.3%
Tulsa, Oklahoma
17.6%
San Diego, California
16.2%
St. Louis, Missouri
12.2%
Kansas City, Missouri
10.8%
Dallas, Texas
8.1%
Miami, Florida
8.1%

You're not logged in!

Compare scores with friends on all Sporcle quizzes.
OR
Log In

Sporcle TV

Today on Sporcle TV


Watch our educational content, quiz creation guides, and fun videos on Sporcle TV.

Show Comments

Extras

Top Quizzes Today


Score Distribution

Your Account Isn't Verified!

In order to create a playlist on Sporcle, you need to verify the email address you used during registration. Go to your Sporcle Settings to finish the process.

Report this User

Report this user for behavior that violates our Community Guidelines.

Details: